00594nam a22002052a 450000100060000000300080000600500170001400800410003103500190007204000410009104100080013208200290014010000500016924500480021925000110026726000400027830000300031865100210034870000190036922547BD-RjUL20211209000823.0140308s1962 enka 001 0 eng d a(BD-RjUL)22612 aDLCcIULdOCLdBD-RjULdBD-RjULbeng aeng a914.210485218bPRL 19621 aPritchett, V. S.q(Victor Sawdon),d1900-199710aLondon perceived /cPhotos. by Evelyn Hofer a1st ed a[London] :bChatto & Windus,c1962. a116 p. :billus. ;c29 cm 0aLondon (England)1 aHofer, Evelyn.